00414nam a2200133Ia 450000500170000000800410001702000150005808200130007310000190008624500610010526000390016630000130020550000620021820250529033902.0240331s9999 xx 000 0 und d a9559586505 bKODa305 aKodituwakku, G 0aIndiyawe adyapanika charikavak ha sabde ksetra sangarava aAnuradhapurabUpali Printersc1995 a141 p ., aThe Field Journal Related to an Educational Tour in India